[Event "42nd NED-ch"]
[Site "Hilversum NED"]
[Date "1986.06.06"]
[Round "1"]
[White "Gelpke, Peter"]
[Black "Van der Wiel, John"]
[Result "0-1"]
[WhiteElo "2385"]
[BlackElo "2555"]
[EventDate "1986.06.06"]
[PlyCount "56"]

1.d4 Nf6 2.c4 e6 3.Nf3 d5 4.Nc3 c6 5.e3 Nbd7 6.Qc2 Bd6 7.b3 O-O 8.Be2 dxc4
9.bxc4 e5 10.O-O Re8 11.Bb2 Qe7 12.Rfe1 e4 13.Nd2 Nf8 14.f3 exf3 15.Bxf3 
Ng4 16.Nf1 Qg5 17.Qd2 Bf5 18.Rad1 Rad8 19.g3 Qg6 20.Qg2 Bb4 21.e4 Bc8 22.
h3 Nh6 23.g4 Ne6 24.Qf2 Ng5 25.Qg3 f5 26.e5 fxg4 27.Bxg4 Nxg4 28.hxg4 Bxg4
0-1

[Event "42nd NED-ch"]
[Site "Hilversum NED"]
[Date "1986.06.06"]
[Round "1"]
[White "Goldstern, Filip"]
[Black "Ree, Hans"]
[Result "0-1"]
[WhiteElo "2310"]
[BlackElo "2455"]
[EventDate "1986.06.06"]
[PlyCount "72"]

1.c4 Nf6 2.Nc3 e5 3.Nf3 Nc6 4.d3 Be7 5.Bg5 d6 6.g3 Be6 7.Bg2 O-O 8.O-O Qd7
9.Re1 h6 10.Bxf6 Bxf6 11.Nd5 Bd8 12.Nd2 Nd4 13.e3 Nf5 14.Ne4 c6 15.Ndc3 
Be7 16.b4 Rad8 17.Rc1 b6 18.b5 cxb5 19.Nxb5 d5 20.cxd5 Bxd5 21.a4 Rc8 22.
Qd2 Be6 23.Rxc8 Rxc8 24.Rc1 Rxc1+ 25.Qxc1 Qxd3 26.Nxa7 Ba3 27.Qa1 f6 28.
Nb5 Bb4 29.Nc7 Bb3 30.h4 Qc2 31.Na8 Ba5 32.Qa3 Bxa4 33.Bh3 Qb1+ 34.Kh2 
Qxe4 35.Bxf5 Qxf5 36.Qxa4 Qxf2+ 0-1

[Event "42nd NED-ch"]
[Site "Hilversum NED"]
[Date "1986.06.06"]
[Round "1"]
[White "Scheeren, Peter"]
[Black "Peelen, Piet"]
[Result "1/2-1/2"]
[WhiteElo "2455"]
[BlackElo "2400"]
[EventDate "1986.06.06"]
[PlyCount "128"]

1.d4 Nf6 2.c4 g6 3.Nc3 d5 4.Nf3 Bg7 5.Qb3 dxc4 6.Qxc4 O-O 7.e4 Bg4 8.Be3 
Nfd7 9.Qb3 Nb6 10.Rd1 Nc6 11.d5 Ne5 12.Be2 Nxf3+ 13.gxf3 Bh5 14.Rg1 Qc8 
15.Rg3 c6 16.f4 Bxe2 17.Kxe2 Bxc3 18.bxc3 cxd5 19.Bxb6 axb6 20.Rxd5 Qe6 
21.Ke3 Rfc8 22.f5 Qc6 23.fxg6 hxg6 24.Kf3 e6 25.Rb5 Qxc3+ 26.Qxc3 Rxc3+ 
27.Kg2 Rc6 28.Rgb3 Rxa2 29.Rxb6 Rcc2 30.Rf3 Rab2 31.Rd6 Rd2 32.Rxd2 Rxd2 
33.Rb3 Rd7 34.f4 Kf8 35.Kg3 Ke7 36.f5 exf5 37.exf5 gxf5 38.Kf4 Ke6 39.Rb6+
Kd5 40.Rb1 Ke6 41.h4 Rd4+ 42.Kf3 Rxh4 43.Rxb7 Kf6 44.Rb8 Kg7 45.Ra8 Rb4 
46.Rc8 Kg6 47.Rg8+ Kf6 48.Ra8 Rb1 49.Rc8 Rb6 50.Kf4 Re6 51.Ra8 Re4+ 52.Kf3
Re1 53.Rb8 Re4 54.Rc8 Ra4 55.Rb8 Rd4 56.Rc8 Rd6 57.Kf4 Rb6 58.Ra8 Rc6 59.
Rb8 Ra6 60.Rc8 Ra4+ 61.Kf3 f4 62.Kg4 Re4 63.Ra8 Rb4 64.Re8 Ra4 1/2-1/2

[Event "42nd NED-ch"]
[Site "Hilversum NED"]
[Date "1986.06.07"]
[Round "2"]
[White "Boersma, Paulus"]
[Black "Douven, Rudy"]
[Result "1-0"]
[WhiteElo "2405"]
[BlackElo "2380"]
[EventDate "1986.06.06"]
[PlyCount "87"]

1.Nf3 Nf6 2.c4 d6 3.d4 Nbd7 4.Nc3 c6 5.e4 e5 6.Be2 Be7 7.O-O O-O 8.Qc2 Qc7
9.Rd1 a6 10.Bd2 Re8 11.Rac1 exd4 12.Nxd4 Ne5 13.h3 Ng6 14.Be3 Bf8 15.Bf1 
h6 16.g3 Bd7 17.Bg2 Rad8 18.b4 Qb8 19.b5 axb5 20.cxb5 d5 21.exd5 cxd5 22.
Nde2 Be6 23.Bd4 Ne4 24.Nxe4 dxe4 25.a4 f5 26.Bb6 Rxd1+ 27.Qxd1 Qe5 28.Bc7 
Qb2 29.Nd4 Bc8 30.Qb3+ Qxb3 31.Nxb3 h5 32.a5 h4 33.gxh4 Nxh4 34.Bf1 Nf3+ 
35.Kg2 Be6 36.Bc4 Ba3 37.Bxe6+ Rxe6 38.Rd1 Bb4 39.b6 Nh4+ 40.Kf1 e3 41.
fxe3 Rxe3 42.a6 Rf3+ 43.Ke2 f4 44.Rd3 1-0

[Event "42nd NED-ch"]
[Site "Hilversum NED"]
[Date "1986.06.07"]
[Round "2"]
[White "Kuijf, Marinus"]
[Black "Van der Sterren, Paul"]
[Result "0-1"]
[WhiteElo "2420"]
[BlackElo "2470"]
[EventDate "1986.06.06"]
[PlyCount "68"]

1.d4 d5 2.Nf3 Nf6 3.e3 Bf5 4.c4 e6 5.Nc3 c6 6.Bd3 Bxd3 7.Qxd3 Bb4 8.O-O 
O-O 9.Bd2 Bxc3 10.bxc3 Nbd7 11.Rab1 Qc7 12.Rfc1 Nb6 13.Ne5 Nfd7 14.Nxd7 
Qxd7 15.cxd5 cxd5 16.e4 dxe4 17.Qxe4 Rac8 18.Qd3 Qd5 19.Rb5 Qxa2 20.Rh5 f5
21.Re1 Nd5 22.Rh3 Rf6 23.Rg3 h6 24.h4 b5 25.Re2 Qc4 26.Qf3 a5 27.h5 a4 28.
Rg6 Nxc3 29.Bxc3 Qxc3 30.Qb7 Qc1+ 31.Kh2 Qc7+ 32.Qxc7 Rxc7 33.Rxf6 gxf6 
34.Rxe6 Ra7 0-1

[Event "42nd NED-ch"]
[Site "Hilversum NED"]
[Date "1986.06.07"]
[Round "2"]
[White "Ligterink, Gert"]
[Black "Gelpke, Peter"]
[Result "1-0"]
[WhiteElo "2470"]
[BlackElo "2385"]
[EventDate "1986.06.06"]
[PlyCount "81"]

1.d4 Nf6 2.c4 g6 3.Nc3 Bg7 4.e4 d6 5.Nge2 O-O 6.Ng3 e5 7.d5 c6 8.Be2 cxd5 
9.cxd5 Ne8 10.Be3 a5 11.Qd2 Nd7 12.O-O Nc5 13.Rac1 b6 14.Bb5 Nc7 15.Bc4 
Qd7 16.b3 b5 17.Be2 Ba6 18.Rfd1 Rfb8 19.Qc2 Bf8 20.f3 Rb7 21.Bf1 Be7 22.
Qf2 Qd8 23.f4 exf4 24.Qxf4 Nd7 25.Nce2 Ne5 26.Nd4 Qe8 27.Nc6 Nxc6 28.Rxc6 
b4 29.Bxa6 Rxa6 30.Rxa6 Nxa6 31.Bd4 Qd8 32.e5 Bg5 33.Qf1 Nc7 34.Ne4 Nb5 
35.Bb2 Bh6 36.Nf6+ Kh8 37.exd6 Bg7 38.Re1 Nxd6 39.Qf3 Qb6+ 40.Kh1 Rb8 41.
Nd7 1-0

[Event "42nd NED-ch"]
[Site "Hilversum NED"]
[Date "1986.06.08"]
[Round "3"]
[White "Douven, Rudy"]
[Black "De Boer, Gert Jan"]
[Result "0-1"]
[WhiteElo "2380"]
[BlackElo "2430"]
[EventDate "1986.06.06"]
[PlyCount "120"]

1.d4 Nf6 2.Nf3 e6 3.c4 d5 4.Nc3 Be7 5.Bg5 O-O 6.e3 h6 7.Bxf6 Bxf6 8.Rc1 c6
9.Bd3 Nd7 10.O-O Qe7 11.e4 dxc4 12.Bxc4 e5 13.d5 Nb6 14.Bb3 Rd8 15.Qe2 
cxd5 16.exd5 Bf5 17.Rcd1 e4 18.Nd4 Bg6 19.Rfe1 Re8 20.Qg4 Qe5 21.f4 Qh5 
22.h3 Qxg4 23.hxg4 e3 24.f5 Bh7 25.Nc2 Bg5 26.Rd4 g6 27.Ne4 gxf5 28.Nxg5 
hxg5 29.gxf5 Bxf5 30.Nxe3 Bd7 31.Kf2 Rac8 32.g4 Re5 33.Ng2 Rxe1 34.Nxe1 
Kg7 35.Nd3 Kf6 36.Kf3 Rc7 37.Nf2 Ke5 38.Rd1 f5 39.gxf5 Bxf5 40.Re1+ Kd6 
41.Rh1 Rf7 42.Rh6+ Ke5 43.Ng4+ Bxg4+ 44.Kxg4 Nxd5 45.Rg6 Nf6+ 46.Kxg5 Ne4+
47.Kg4 Rf2 48.Re6+ Kd4 49.Re7 Nc5 50.Bf7 Rxb2 51.Kf3 Rd2 52.Re1 b6 53.Rb1 
Nd3 54.Bg8 Rf2+ 55.Kg3 Rf6 56.Bh7 Rf7 57.Bxd3 Kxd3 58.Rc1 Rf5 59.Rh1 Kc2 
60.Rh2+ Kb1 0-1

[Event "42nd NED-ch"]
[Site "Hilversum NED"]
[Date "1986.06.08"]
[Round "3"]
[White "Gelpke, Peter"]
[Black "Kuijf, Marinus"]
[Result "1-0"]
[WhiteElo "2385"]
[BlackElo "2420"]
[EventDate "1986.06.06"]
[PlyCount "119"]

1.d4 d5 2.Bg5 h6 3.Bh4 c6 4.e3 Bf5 5.Bd3 Bxd3 6.Qxd3 Nd7 7.Nf3 Ngf6 8.Nbd2
e6 9.O-O Be7 10.Bxf6 Bxf6 11.e4 O-O 12.Rfe1 Qb6 13.Nb3 Rac8 14.e5 Be7 15.
c3 c5 16.dxc5 Nxc5 17.Nxc5 Rxc5 18.Re2 Rfc8 19.Rd1 Ra5 20.a3 Ra4 21.g3 
Rac4 22.Nd4 a5 23.Qc2 a4 24.Rd3 Qa6 25.Red2 Bc5 26.Qd1 Qb6 27.Qe2 Qd8 28.
Qd1 Qb6 29.Qe2 Qd8 30.h4 Ba7 31.Kg2 Bb8 32.h5 Qe7 33.f4 Rf8 34.Qg4 Ba7 35.
Kh3 Bxd4 36.Rxd4 b5 37.f5 Kh8 38.Rf2 exf5 39.Qxf5 Rd8 40.Rfd2 Qe6 41.g4 
Rc7 42.Kg3 Qc6 43.Qf3 Rcd7 44.R2d3 Kg8 45.Kh3 Kf8 46.Re3 Re7 47.Qe2 Rde8 
48.Rb4 Rb8 49.Qd3 Kg8 50.Rd4 Rd8 51.Qf5 Qe8 52.Kh2 Re6 53.g5 hxg5 54.Qxg5 
f6 55.exf6 Rd7 56.Rxe6 Qxe6 57.Rg4 Qd6+ 58.Rg3 d4 59.fxg7 dxc3 60.h6 1-0

[Event "42nd NED-ch"]
[Site "Hilversum NED"]
[Date "1986.06.08"]
[Round "3"]
[White "Peelen, Piet"]
[Black "Ree, Hans"]
[Result "1-0"]
[WhiteElo "2400"]
[BlackElo "2455"]
[EventDate "1986.06.06"]
[PlyCount "63"]

1.e4 c5 2.Nf3 e6 3.Nc3 d6 4.d4 cxd4 5.Nxd4 Nf6 6.g4 e5 7.Bb5+ Bd7 8.Bxd7+ 
Qxd7 9.Nf5 h5 10.Bg5 Nh7 11.h4 hxg4 12.Be3 g6 13.Ng3 Nc6 14.Nd5 Ne7 15.Qd3
Nxd5 16.exd5 Nf6 17.O-O-O Be7 18.Bg5 Nh5 19.Bxe7 Kxe7 20.Ne4 Qa4 21.Kb1 
Nf4 22.Qe3 b5 23.Rhe1 Qa5 24.Nxd6 f6 25.Qxf4 Rxh4 26.Rxe5+ fxe5 27.Qxe5+ 
Kd7 28.Qe6+ Kc7 29.Qe7+ Kb6 30.Qb7+ Kc5 31.Qc6+ Kb4 32.Rd4# 1-0

[Event "42nd NED-ch"]
[Site "Hilversum NED"]
[Date "1986.06.08"]
[Round "3"]
[White "Van der Sterren, Paul"]
[Black "Boersma, Paulus"]
[Result "1-0"]
[WhiteElo "2470"]
[BlackElo "2405"]
[EventDate "1986.06.06"]
[PlyCount "73"]

1.d4 Nf6 2.Nf3 d5 3.c4 e6 4.Nc3 Be7 5.Bg5 h6 6.Bxf6 Bxf6 7.e3 O-O 8.Rc1 c6
9.Bd3 Nd7 10.O-O dxc4 11.Bxc4 e5 12.h3 exd4 13.exd4 Nb6 14.Bb3 Re8 15.Re1 
Rxe1+ 16.Qxe1 Bf5 17.Ne4 Nd5 18.Bxd5 cxd5 19.Nxf6+ Qxf6 20.Qe5 Qxe5 21.
dxe5 Rc8 22.Rxc8+ Bxc8 23.Nd4 Bd7 24.f4 g6 25.g4 h5 26.f5 hxg4 27.hxg4 
gxf5 28.gxf5 f6 29.e6 Be8 30.Kf2 Kf8 31.Ke3 Ke7 32.Nc2 Kd6 33.Kd4 b6 34.
Nb4 Bc6 35.Nxc6 Kxc6 36.e7 Kd7 37.Kxd5 1-0

[Event "42nd NED-ch"]
[Site "Hilversum NED"]
[Date "1986.06.09"]
[Round "4"]
[White "Douven, Rudy"]
[Black "Van der Sterren, Paul"]
[Result "1-0"]
[WhiteElo "2380"]
[BlackElo "2470"]
[EventDate "1986.06.06"]
[PlyCount "45"]

1.d4 Nf6 2.Nf3 d5 3.c4 e6 4.Nc3 Be7 5.Bg5 O-O 6.e3 h6 7.Bxf6 Bxf6 8.Rc1 c6
9.Bd3 Nd7 10.O-O Be7 11.Ne5 Nxe5 12.dxe5 dxc4 13.Bxc4 Qa5 14.f4 b5 15.Bd3 
Bb7 16.Bb1 Rad8 17.Qc2 g6 18.Rf3 Rd7 19.Rg3 Kh8 20.h4 h5 21.f5 exf5 22.Rf1
Bc8 23.Rxf5 1-0

[Event "42nd NED-ch"]
[Site "Hilversum NED"]
[Date "1986.06.09"]
[Round "4"]
[White "Ligterink, Gert"]
[Black "Scheeren, Peter"]
[Result "1/2-1/2"]
[WhiteElo "2470"]
[BlackElo "2455"]
[EventDate "1986.06.06"]
[PlyCount "61"]

1.d4 Nf6 2.c4 g6 3.Nc3 Bg7 4.e4 d6 5.f3 O-O 6.Be3 c6 7.Bd3 e5 8.d5 b5 9.
Nge2 bxc4 10.Bxc4 c5 11.O-O Nbd7 12.a3 Nb6 13.Bd3 c4 14.Bc2 Ba6 15.a4 Qc7 
16.Nb5 Bxb5 17.axb5 Nfd7 18.Nc3 Nc5 19.Qd2 Rfc8 20.Na2 Nb3 21.Bxb3 cxb3 
22.Nb4 Nc4 23.Qe2 Nxe3 24.Qxe3 Bh6 25.Qf2 Qc5 26.Qxc5 Rxc5 27.b6 Rb5 28.
Rxa7 Rxa7 29.bxa7 Be3+ 30.Kh1 Bxa7 31.Ra1 1/2-1/2

[Event "42nd NED-ch"]
[Site "Hilversum NED"]
[Date "1986.06.09"]
[Round "4"]
[White "Van der Wiel, John"]
[Black "Peelen, Piet"]
[Result "1-0"]
[WhiteElo "2555"]
[BlackElo "2400"]
[EventDate "1986.06.06"]
[PlyCount "77"]

1.e4 c6 2.d4 d5 3.e5 Bf5 4.Nc3 e6 5.g4 Bg6 6.Nge2 c5 7.h4 Nc6 8.h5 Be4 9.
Nxe4 dxe4 10.Bg2 cxd4 11.Bxe4 Qa5+ 12.Kf1 Qxe5 13.Bxc6+ bxc6 14.Qxd4 Qd5 
15.Rh3 Nf6 16.g5 Bc5 17.Qxd5 Nxd5 18.c4 Ne7 19.Bd2 Nf5 20.Rd3 Ke7 21.Ba5 
h6 22.g6 Rhb8 23.Rad1 fxg6 24.Rd7+ Ke8 25.hxg6 Rxb2 26.Bc3 Rb1 27.Rxb1 
Kxd7 28.Rb7+ Kd6 29.f4 Bb6 30.Bxg7 Rg8 31.Be5+ Kc5 32.g7 Kxc4 33.Rf7 Ne3+ 
34.Ke1 Ba5+ 35.Kf2 Ng4+ 36.Kf3 Nxe5+ 37.fxe5 Kd5 38.Nf4+ Kxe5 39.Ng6+ 1-0

[Event "42nd NED-ch"]
[Site "Hilversum NED"]
[Date "1986.06.11"]
[Round "5"]
[White "Gelpke, Peter"]
[Black "Douven, Rudy"]
[Result "1/2-1/2"]
[WhiteElo "2385"]
[BlackElo "2380"]
[EventDate "1986.06.06"]
[PlyCount "131"]

1.d4 Nf6 2.c4 e6 3.Nf3 b6 4.Nc3 Bb7 5.a3 d5 6.cxd5 exd5 7.Bf4 Bd6 8.Bxd6 
Qxd6 9.Rc1 a6 10.g3 O-O 11.Bg2 Nbd7 12.O-O c5 13.dxc5 bxc5 14.Nd2 Rab8 15.
Qc2 Rfe8 16.Rfe1 d4 17.Nce4 Nxe4 18.Bxe4 h6 19.Bxb7 Rxb7 20.Nc4 Qd5 21.Qd3
Nf6 22.Rc2 Rbe7 23.Nd2 Re6 24.Nf3 Rb8 25.Rec1 Ne4 26.b4 cxb4 27.Rc8+ Re8 
28.Rxe8+ Rxe8 29.axb4 Ng5 30.Nxg5 Qxg5 31.Rd1 Qe7 32.Qxa6 Qxb4 33.Qd3 Qb2 
34.Kf1 Qb7 35.f3 Qb2 36.Qc4 Kh7 37.Qd3+ Kg8 38.Rb1 Qa2 39.Rb4 Qa1+ 40.Rb1 
Qa2 41.Qd1 Qc4 42.Kf2 Qc5 43.Rc1 Qh5 44.Kg2 Qb5 45.Rc2 Qb3 46.Qd2 Qb5 47.
Rb2 Qc4 48.Qd1 h5 49.Rd2 g6 50.Kf1 Rd8 51.Kf2 Kh7 52.Qb1 Qe6 53.Qd3 h4 54.
Kg2 hxg3 55.hxg3 Qe5 56.Rd1 Re8 57.Rh1+ Kg7 58.Kf2 Rh8 59.Rxh8 Kxh8 60.f4 
Qc5 61.Kf3 Qc6+ 62.Qe4 Qc3+ 63.Kg2 Kg8 64.Qe8+ Kg7 65.Qe5+ Kg8 66.g4 
1/2-1/2

[Event "42nd NED-ch"]
[Site "Hilversum NED"]
[Date "1986.06.11"]
[Round "5"]
[White "Goldstern, Filip"]
[Black "Boersma, Paulus"]
[Result "1/2-1/2"]
[WhiteElo "2310"]
[BlackElo "2405"]
[EventDate "1986.06.06"]
[PlyCount "36"]

1.Nf3 d6 2.d4 g6 3.e4 Nf6 4.Nc3 Bg7 5.Be2 O-O 6.O-O c6 7.a4 Qc7 8.a5 Nbd7 
9.Re1 e5 10.dxe5 dxe5 11.Be3 Ng4 12.Bg5 Nc5 13.Nd2 Ne6 14.Bh4 Bf6 15.Bg3 
h5 16.Bxg4 hxg4 17.Qxg4 Rd8 18.Qf3 Kg7 1/2-1/2

[Event "42nd NED-ch"]
[Site "Hilversum NED"]
[Date "1986.06.11"]
[Round "5"]
[White "Peelen, Piet"]
[Black "Ligterink, Gert"]
[Result "1-0"]
[WhiteElo "2400"]
[BlackElo "2470"]
[EventDate "1986.06.06"]
[PlyCount "73"]

1.e4 c5 2.Nf3 e6 3.Nc3 d6 4.d4 cxd4 5.Nxd4 Nc6 6.Be3 Nf6 7.Bc4 Be7 8.Qe2 
a6 9.O-O-O Qc7 10.Bb3 O-O 11.Rhg1 Nd7 12.g4 Nc5 13.Nf5 b5 14.Bd5 Bb7 15.g5
b4 16.Bxc5 dxc5 17.g6 hxg6 18.Rxg6 fxg6 19.Bxe6+ Rf7 20.Nd5 Bg5+ 21.f4 Nd4
22.Nxd4 Bxd5 23.Bxd5 Bxf4+ 24.Kb1 cxd4 25.Bxa8 Rf6 26.Bd5+ Kh7 27.Rxd4 Qc5
28.Rd1 a5 29.h4 Be5 30.h5 g5 31.Bb3 Rf2 32.Qa6 Rf6 33.Qe2 Rf2 34.Qg4 Bf6 
35.Qe6 g4 36.Qg8+ Kh6 37.Qe8 1-0

[Event "42nd NED-ch"]
[Site "Hilversum NED"]
[Date "1986.06.11"]
[Round "5"]
[White "Ree, Hans"]
[Black "Van der Wiel, John"]
[Result "0-1"]
[WhiteElo "2455"]
[BlackElo "2555"]
[EventDate "1986.06.06"]
[PlyCount "76"]

1.d4 Nf6 2.c4 e6 3.Nc3 Bb4 4.Qc2 O-O 5.Bg5 c5 6.e3 h6 7.Bh4 cxd4 8.exd4 
Nc6 9.Nf3 Be7 10.Rd1 b6 11.Be2 d5 12.a3 dxc4 13.Bxc4 Nd5 14.Bg3 Nxc3 15.
Qxc3 Na5 16.Bd3 Bb7 17.Bb1 Rc8 18.Qd3 f5 19.Ba2 Bd5 20.Bxd5 Qxd5 21.Be5 
Nc4 22.Qe2 Qe4 23.d5 exd5 24.Rd4 Qxe2+ 25.Kxe2 Rfe8 26.Rxd5 Rc5 27.Kd3 
Nxb2+ 28.Kd4 Rc4+ 29.Ke3 Bxa3 30.Ra1 Re4+ 31.Kd2 Nc4+ 32.Kc2 Bc5 33.Bd4 
Bxd4 34.Nxd4 Rf4 35.Kc3 Rc8 36.Kd3 Rxf2 37.Rxa7 Nb2+ 38.Ke3 Nd1+ 0-1

[Event "42nd NED-ch"]
[Site "Hilversum NED"]
[Date "1986.06.11"]
[Round "5"]
[White "Van der Sterren, Paul"]
[Black "De Boer, Gert Jan"]
[Result "1/2-1/2"]
[WhiteElo "2470"]
[BlackElo "2430"]
[EventDate "1986.06.06"]
[PlyCount "122"]

1.d4 Nf6 2.c4 g6 3.Nc3 d5 4.Bf4 Bg7 5.e3 c5 6.dxc5 Qa5 7.Rc1 Ne4 8.cxd5 
Nxc3 9.Qd2 Qxa2 10.bxc3 Qa5 11.Bc4 Nd7 12.Nf3 O-O 13.O-O Nxc5 14.Be5 Bxe5 
15.Nxe5 f6 16.Nf3 b5 17.Ra1 Qd8 18.d6+ bxc4 19.Qd5+ Be6 20.Qxc5 exd6 21.
Qc6 Qb6 22.Qe4 d5 23.Qd4 Bf7 24.Rfb1 Qxd4 25.Nxd4 Rfb8 26.Rxb8+ Rxb8 27.f3
Rb7 28.Ra6 Kg7 29.h4 h5 30.Kf2 Rb2+ 31.Kg3 Rb7 32.Kf4 Rb2 33.g3 Rb7 34.g4 
hxg4 35.fxg4 Re7 36.Kf3 Rb7 37.Ra5 Kh6 38.Nc6 Be8 39.Nb4 Bf7 40.Kf4 Kg7 
41.Nxd5 Bxd5 42.Rxd5 Rb3 43.Rd7+ Kf8 44.Rxa7 Rxc3 45.g5 fxg5+ 46.hxg5 Rc1 
47.e4 c3 48.Rc7 Ke8 49.Ke5 Kd8 50.Rc6 Kd7 51.Rd6+ Ke7 52.Rxg6 Rg1 53.Re6+ 
Kd7 54.Rd6+ Ke7 55.Rc6 Rxg5+ 56.Kf4 Ra5 57.Rxc3 Kf6 58.Rc6+ Kf7 59.e5 Ra1 
60.Ke4 Re1+ 61.Kd5 Rd1+ 1/2-1/2

[Event "42nd NED-ch"]
[Site "Hilversum NED"]
[Date "1986.06.12"]
[Round "6"]
[White "De Boer, Gert Jan"]
[Black "Van der Wiel, John"]
[Result "1/2-1/2"]
[WhiteElo "2430"]
[BlackElo "2555"]
[EventDate "1986.06.06"]
[PlyCount "28"]

1.d4 Nf6 2.c4 e6 3.Nf3 d5 4.g3 dxc4 5.Bg2 c5 6.O-O Nc6 7.Ne5 Bd7 8.Na3 
cxd4 9.Naxc4 Be7 10.Bf4 O-O 11.Rc1 Nd5 12.Nxd7 Qxd7 13.Ne5 Nxe5 14.Bxe5 
Rfd8 1/2-1/2

[Event "42nd NED-ch"]
[Site "Hilversum NED"]
[Date "1986.06.12"]
[Round "6"]
[White "Douven, Rudy"]
[Black "Goldstern, Filip"]
[Result "1-0"]
[WhiteElo "2380"]
[BlackElo "2310"]
[EventDate "1986.06.06"]
[PlyCount "79"]

1.d4 f5 2.g3 Nf6 3.Bg2 e6 4.Nh3 d5 5.O-O c6 6.Nd2 Bd6 7.Nf3 h6 8.Nf4 g5 9.
Nd3 Nbd7 10.Bd2 b6 11.Nfe5 Bb7 12.c4 Ne4 13.Rc1 O-O 14.cxd5 cxd5 15.Nxd7 
Qxd7 16.Bb4 Bxb4 17.Nxb4 Rac8 18.Nd3 Rxc1 19.Qxc1 Rc8 20.Qe3 Ba6 21.Ne5 
Qe7 22.f3 Nd6 23.h4 Rc2 24.Re1 Rxb2 25.hxg5 Qxg5 26.f4 Qe7 27.Nc6 Qe8 28.
Qa3 Nc4 29.Qxa6 Qxc6 30.Qxa7 Nd6 31.Qe7 Ne4 32.Bf3 Qd6 33.Qe8+ Kg7 34.Bh5 
Qc7 35.Qg6+ Kh8 36.Qe8+ Kg7 37.Qxe6 Rxa2 38.Qxf5 Qd6 39.Qf7+ Kh8 40.Rc1 
1-0

[Event "42nd NED-ch"]
[Site "Hilversum NED"]
[Date "1986.06.12"]
[Round "6"]
[White "Kuijf, Marinus"]
[Black "Peelen, Piet"]
[Result "1-0"]
[WhiteElo "2420"]
[BlackElo "2400"]
[EventDate "1986.06.06"]
[PlyCount "69"]

1.e4 c6 2.d4 d5 3.exd5 cxd5 4.c4 Nf6 5.Nc3 g6 6.Qb3 Bg7 7.cxd5 O-O 8.Be2 
Na6 9.Bf3 Qb6 10.Qxb6 axb6 11.Nge2 Nb4 12.O-O Rd8 13.d6 Rxd6 14.Bf4 Rd7 
15.Be5 Nfd5 16.Nxd5 Nxd5 17.a3 Rd8 18.Rac1 Bh6 19.Rc4 Be6 20.Bxd5 Bxd5 21.
Rc7 Kf8 22.Nc3 Bc6 23.Rd1 f6 24.Bg3 Rdc8 25.d5 Rxc7 26.Bxc7 Bd7 27.Bxb6 
Bf4 28.Bc5 Be5 29.Bd4 Bd6 30.Ne4 Ra5 31.Bxf6 Ba4 32.Rd4 Bb3 33.Nxd6 exd6 
34.h3 Bxd5 35.b4 1-0

[Event "42nd NED-ch"]
[Site "Hilversum NED"]
[Date "1986.06.12"]
[Round "6"]
[White "Ligterink, Gert"]
[Black "Ree, Hans"]
[Result "1-0"]
[WhiteElo "2470"]
[BlackElo "2455"]
[EventDate "1986.06.06"]
[PlyCount "35"]

1.d4 d5 2.c4 c6 3.Nf3 Nf6 4.Nc3 e6 5.Bg5 h6 6.Bxf6 Qxf6 7.e3 Nd7 8.Qc2 Qd8
9.O-O-O Be7 10.h4 dxc4 11.Bxc4 Qa5 12.g4 Nb6 13.Bb3 c5 14.Ne5 Bd6 15.Ng6 
fxg6 16.Qxg6+ Kf8 17.Rh3 Nd7 18.Qxe6 1-0

[Event "42nd NED-ch"]
[Site "Hilversum NED"]
[Date "1986.06.12"]
[Round "6"]
[White "Van der Sterren, Paul"]
[Black "Gelpke, Peter"]
[Result "1/2-1/2"]
[WhiteElo "2470"]
[BlackElo "2385"]
[EventDate "1986.06.06"]
[PlyCount "94"]

1.d4 Nf6 2.c4 g6 3.Nc3 Bg7 4.e4 d6 5.f3 O-O 6.Be3 e5 7.d5 Nh5 8.Qd2 f5 9.
O-O-O Nd7 10.Bd3 Ndf6 11.Nge2 Qe8 12.h3 f4 13.Bf2 c5 14.b4 b6 15.Kb1 Qd8 
16.a3 Ne8 17.Qc2 Rf7 18.Nc1 Bf6 19.Be1 Bh4 20.Bd2 Nhf6 21.N3e2 g5 22.Nb3 
Rb7 23.Ka2 Nd7 24.bxc5 Nxc5 25.Nxc5 bxc5 26.Rb1 Rab8 27.Rxb7 Rxb7 28.Rd1 
Qd7 29.Bc3 h5 30.Rh1 Qd8 31.Qd2 Qb6 32.Rb1 Qa6 33.Rxb7 Qxb7 34.Ba5 g4 35.
hxg4 hxg4 36.Qb2 Qxb2+ 37.Kxb2 Bf2 38.Nc3 Bd4 39.Kc2 Bxc3 40.Kxc3 g3 41.
Bd8 Kf7 42.Kd2 Bd7 43.Kc3 Ng7 44.Kd2 Ba4 45.Bc2 Bd7 46.Ke2 Ke8 47.Bf6 Nh5 
1/2-1/2

[Event "42nd NED-ch"]
[Site "Hilversum NED"]
[Date "1986.06.13"]
[Round "7"]
[White "Gelpke, Peter"]
[Black "De Boer, Gert Jan"]
[Result "1/2-1/2"]
[WhiteElo "2385"]
[BlackElo "2430"]
[EventDate "1986.06.06"]
[PlyCount "81"]

1.d4 Nf6 2.c4 e6 3.Nc3 Bb4 4.Bg5 h6 5.Bh4 c5 6.d5 d6 7.e3 Bxc3+ 8.bxc3 e5 
9.f3 Qe7 10.Bd3 Nbd7 11.Ne2 g5 12.Bg3 e4 13.Bxe4 Nxe4 14.fxe4 Nf6 15.e5 
dxe5 16.Qd3 Bg4 17.e4 O-O 18.Nc1 Ne8 19.Nb3 b6 20.O-O Nd6 21.Nd2 f6 22.a4 
a5 23.Rfb1 Rab8 24.Rb2 Rb7 25.Bf2 Rfb8 26.Re1 Bd7 27.Ra2 Qe8 28.Qc2 Kf8 
29.Qd1 Ke7 30.Bg3 Qg6 31.Kf2 Rg8 32.Ke3 h5 33.Kd3 h4 34.Bf2 Rh8 35.Kc2 Qh5
36.Qxh5 Rxh5 37.Kb3 Be8 38.Re3 Bg6 39.Ra1 Rh7 40.Rf1 Rb8 41.g4 1/2-1/2

[Event "42nd NED-ch"]
[Site "Hilversum NED"]
[Date "1986.06.13"]
[Round "7"]
[White "Ree, Hans"]
[Black "Kuijf, Marinus"]
[Result "0-1"]
[WhiteElo "2455"]
[BlackElo "2420"]
[EventDate "1986.06.06"]
[PlyCount "82"]

1.d4 d5 2.c4 c6 3.Nf3 Nf6 4.Nc3 e6 5.Bg5 h6 6.Bxf6 Qxf6 7.e3 Nd7 8.Qc2 a6 
9.O-O-O Bb4 10.Kb1 O-O 11.Bd3 b5 12.cxd5 cxd5 13.Ne2 Qe7 14.Rc1 Bb7 15.Qc7
Rab8 16.Ne5 Nxe5 17.Qxe5 Bd6 18.Qh5 Rfc8 19.h4 Rxc1+ 20.Rxc1 Rc8 21.Rxc8+ 
Bxc8 22.Qg4 Qf6 23.f4 Qd8 24.h5 Qa5 25.Nc1 Qe1 26.Qe2 Qg1 27.Kc2 Be7 28.
Nb3 Bh4 29.Kd2 Bf2 30.g4 e5 31.f5 e4 32.Bc2 g6 33.hxg6 fxg6 34.Nc5 gxf5 
35.Bb3 f4 36.Bxd5+ Kh8 37.Bxe4 Bxg4 38.Bf3 Bxe3+ 39.Kd3 Qb1+ 40.Kc3 Qc1+ 
41.Kb4 Qd2+ 0-1

[Event "42nd NED-ch"]
[Site "Hilversum NED"]
[Date "1986.06.13"]
[Round "7"]
[White "Scheeren, Peter"]
[Black "Douven, Rudy"]
[Result "1-0"]
[WhiteElo "2455"]
[BlackElo "2380"]
[EventDate "1986.06.06"]
[PlyCount "81"]

1.d4 Nf6 2.c4 d6 3.Nc3 Nbd7 4.e4 e5 5.Nf3 Be7 6.Be2 O-O 7.O-O c6 8.Re1 a6 
9.Bf1 b5 10.b3 Re8 11.Bb2 Bb7 12.Qc2 Bf8 13.a3 Rc8 14.Rad1 Qc7 15.Qb1 exd4
16.Nxd4 Qb8 17.Nf5 Rcd8 18.Bc1 h6 19.Qd3 Ne5 20.Qg3 Ng6 21.Bd3 Bc8 22.Bc2 
Be6 23.Nd4 Bd7 24.h3 Kh8 25.f4 bxc4 26.bxc4 Qb6 27.Kh1 Qc5 28.Nb3 Qxc4 29.
f5 Nh5 30.Qe3 Bxf5 31.Na5 Qe6 32.exf5 Qf6 33.Qf3 Rxe1+ 34.Rxe1 Nh4 35.Qxc6
d5 36.Qxf6 gxf6 37.Nc6 Rc8 38.Ba4 Ng3+ 39.Kg1 Bc5+ 40.Be3 Rxc6 41.Bxc6 1-0

[Event "42nd NED-ch"]
[Site "Hilversum NED"]
[Date "1986.06.13"]
[Round "7"]
[White "Van der Wiel, John"]
[Black "Ligterink, Gert"]
[Result "1/2-1/2"]
[WhiteElo "2555"]
[BlackElo "2470"]
[EventDate "1986.06.06"]
[PlyCount "77"]

1.e4 c5 2.Nf3 e6 3.d4 cxd4 4.Nxd4 Nf6 5.Nc3 d6 6.Be2 Be7 7.O-O O-O 8.f4 
Nc6 9.Be3 e5 10.Nxc6 bxc6 11.fxe5 dxe5 12.Qxd8 Rxd8 13.Rfd1 Be6 14.h3 Bb4 
15.Rxd8+ Rxd8 16.Bf3 Bxc3 17.bxc3 Rb8 18.a4 a5 19.Rd1 h6 20.Rd6 Rb1+ 21.
Kh2 Ra1 22.Rd8+ Kh7 23.Ra8 Rxa4 24.Bb6 Nd7 25.Bc7 Ra3 26.Rxa5 Rxc3 27.Bd1 
c5 28.Ra4 Kg6 29.Ba5 Rc4 30.Rxc4 Bxc4 31.Bg4 Be6 32.Bxe6 fxe6 33.Kg3 Nf6 
34.Kf3 Ne8 35.Ke3 Nd6 36.Bc7 Nb5 37.Bxe5 c4 38.h4 Kf7 39.h5 1/2-1/2

[Event "42nd NED-ch"]
[Site "Hilversum NED"]
[Date "1986.06.15"]
[Round "8"]
[White "Boersma, Paulus"]
[Black "Ree, Hans"]
[Result "1/2-1/2"]
[WhiteElo "2405"]
[BlackElo "2455"]
[EventDate "1986.06.06"]
[PlyCount "93"]

1.Nf3 c5 2.c4 g6 3.d4 Bg7 4.e4 cxd4 5.Nxd4 Nc6 6.Be3 Nf6 7.Nc3 O-O 8.Be2 
b6 9.O-O Bb7 10.f3 Rc8 11.Qd2 Re8 12.Nxc6 dxc6 13.Qxd8 Rcxd8 14.c5 b5 15.
Rfd1 a6 16.Kf2 Bc8 17.e5 Nd7 18.f4 f6 19.exf6 Nxf6 20.h3 Be6 21.Bf3 b4 22.
Ne2 Bd5 23.Bd4 Ne4+ 24.Bxe4 Bxe4 25.Bxg7 Kxg7 26.Nd4 Kf6 27.Nf3 Rxd1 28.
Rxd1 Bd5 29.b3 Kf7 30.g4 h6 31.h4 a5 32.Ke3 a4 33.g5 hxg5 34.hxg5 Ke6 35.
Rd4 axb3 36.axb3 Rh8 37.Nh4 Kf7 38.f5 gxf5 39.Nxf5 Rh3+ 40.Kf4 Rxb3 41.Ke5
Rc3 42.g6+ Kxg6 43.Nxe7+ Kg5 44.Kd6 Rc4 45.Nxc6 Rxd4 46.Nxd4 Bg2 47.c6 
1/2-1/2

[Event "42nd NED-ch"]
[Site "Hilversum NED"]
[Date "1986.06.15"]
[Round "8"]
[White "Douven, Rudy"]
[Black "Peelen, Piet"]
[Result "1-0"]
[WhiteElo "2380"]
[BlackElo "2400"]
[EventDate "1986.06.06"]
[PlyCount "83"]

1.c4 Nf6 2.Nc3 d5 3.cxd5 Nxd5 4.g3 Nxc3 5.bxc3 g6 6.Bg2 Bg7 7.Nf3 O-O 8.
O-O c5 9.Rb1 Nd7 10.d4 b6 11.e4 Bb7 12.e5 Rc8 13.Re1 e6 14.Ng5 Bxg2 15.
Kxg2 cxd4 16.cxd4 Nb8 17.Be3 Nc6 18.Qg4 Ne7 19.h4 h5 20.Qf3 Qd5 21.Rbc1 
Rfd8 22.Qxd5 Nxd5 23.Ne4 Nxe3+ 24.fxe3 Bf8 25.Kf3 Ba3 26.Rcd1 Rc2 27.Rg1 
Kg7 28.g4 hxg4+ 29.Rxg4 Rh8 30.d5 exd5 31.Rxd5 Rc7 32.e6 Rf8 33.exf7 
Rcxf7+ 34.Kg2 Rf5 35.Rxf5 Rxf5 36.Ng3 Rb5 37.h5 g5 38.Ra4 Rb2+ 39.Kf3 Rxa2
40.Rxa7+ Kh6 41.Kg4 Ra1 42.Nf5# 1-0